000 00369pab a2200157 454500
008 180718b2011 xxu||||| |||| 00| 0 eng d
100 _aJojo, Bipin K.
245 _aGovernment Ashram schools for tribals
260 _c2011
300 _ap.605-616.
362 _aOct
650 _aTribes
773 _aIndian Journal of Social Work
908 _aN
909 _a97549
999 _c97549
_d97549